Manual de terapeutica dermatológica : (Registro nro. 316)

Detalles MARC
000 -LEADER
fixed length control field 00891 am a2200241 a 4500
005 - FECHA ULTIMA MODIFICACION
control field 20120417110038.0
008 - CAMPO DE CONTROL (LIBRO)
fixed length control field 100517s1984||||sp ||||f |||| 00| 0 spa d
020 ## - INTERNATIONAL STANDARD BOOK NUMBER
ISBN 8485320301
041 ## - CODIGO DE IDIOMA
Código de idioma del texto/pista de sonido o título separado spa
092 ## - SIGNATURA TOPOGRAFICA DEWEY LOCAL
número de clasificación 616.5
libristica 4
sección ARN
100 1# - ENTRADA PRINCIPAL--NOMBRE PERSONAL
Nombre personal Arndt, Kenneth A.
9 (RLIN) 175
245 ## - TITULO PROPIAMENTE DICHO
Título Manual de terapeutica dermatológica :
Subtítulo y Título paralelo Con fundamentos semiológicos /
Mención de responsabilidad y remanente de la transcripción de la portada Kenneth A. Arndt.
250 ## - MENCION DE EDICION
Mención de edición 3a ed /
Mención de responsabilidad relacionada con la ed. Traducción Mario A. Marino.
260 ## - PIE DE IMPRENTA
Lugar de publicación, distribución, etc Madrid :
Nombre de la editorial, distribuidor, etc Editorial Médica Panamericana,
Fecha de publicación 1984.
300 ## - DESCRIPCION FISICA
Extension 492 p.
590 ## - NOTAS LOCALES (RLIN)
Nota local Donación Dr. Mancuso Abril 2007
653 ## - TÉRMINO INDIZADO - PALABRAS CLAVES
Palabra clave Enfermedades dermatológicas comunes: diagnóstico y tratamiento
653 ## - TÉRMINO INDIZADO - PALABRAS CLAVES
Palabra clave Procedimientos y técnicas
653 ## - TÉRMINO INDIZADO - PALABRAS CLAVES
Palabra clave Principios terapéuticos y formulario
930 ## - NUMERO DE INVENTARIO
Número de inventario 1758
942 ## - ADDED ENTRY ELEMENTS (KOHA)
Source of classification or shelving scheme Dewey Decimal Classification
Item type Libros
Existencias
Estado de retiro Existencia Fuente de clasificación Estado general Uso restringido No para prestamo Ubicación permanente ubicación actual Sala de ubicación Fecha de adquisición Total Checkouts Número de clasificación Código de barras Date last seen Número de ejemplar Price effective from Koha tipo de elemento (item) Public note Coded location qualifier
    Dewey Decimal Classification   Restricted Access Not For Loan Biblioteca Medicina Biblioteca Medicina Circulación 13/05/2011   616.5 4 ARN 1758 06/11/2014 ej.1 13/05/2011 Libros Baja 2017 (Caja nro 3)  

UNIVERSIDAD NACIONAL DEL COMAHUE
Biblioteca de la Facultad de Ciencias Médicas
Sede Toschi: Los Arrayanes y Av. Toschi, Cipolletti  - Rio Negro
Sede Los Tordos:  Yrigoyen al 2211, Cipolletti - Rio Negro 

Teléfono: 0299 - 4774707 int 25
Contacto: biblioteca@facimed.uncoma.edu.ar
© 2011 - 2026